| 000 | 00535aam a2200217 4500 | ||
|---|---|---|---|
| 005 | 20161005140431.0 | ||
| 008 | 150611b xxu||||| |||| 00| 0 spa d | ||
| 041 | _aEspañol | ||
| 082 | _a155.23 N664p | ||
| 100 |
_aNieder, John _924952 |
||
| 245 | _aPerdone y ame otra vez | ||
| 260 | _aColombia | ||
| 260 | _bUNILIT | ||
| 260 | _c1991 | ||
| 300 | _a204 páginas | ||
| 500 | _aPrestado en Bienestar Estudiantil | ||
| 650 |
_aSUPERACIÓN PERSONAL _92235 |
||
| 650 |
_aPERDÓN _915604 |
||
| 650 |
_aAMOR _95513 |
||
| 942 | _cBK | ||
| 999 |
_c1308 _d1308 |
||